000 00308nam a22001337a 4500
008 181011b xxu||||| |||| 00| 0 eng d
020 _a9780805863192
041 _aeng
080 _a159.9
100 _a48
101 _aPSI
245 _aMatlab for Behavioral Scientists
_cRosenbaum,D.A
942 _2udc
_cBK
999 _c49328
_d49328